Normal view
MARC view
Entry Nombre corporativo
001 - NÚMERO DE CONTROL
- campo de control: 160732
003 - IDENTIFICADOR DEL NÚMERO DE CONTROL
- campo de control: OSt
005 - FECHA Y HORA DE LA ÚLTIMA TRANSACCIÓN
- campo de control: 20220127160641.0
008 - DATOS DE LONGITUD FIJA
- campo de control de longitud fija: 220127|| aca||aabn | a|a d
040 ## - FUENTE DE LA CATALOGACIÓN
- Centro catalogador/agencia de origen: OSt
- Centro/agencia transcriptor: OSt
110 ## - ENCABEZAMIENTO-NOMBRE DE ENTIDAD CORPORATIVA
- Nombre de entidad corporativa o nombre de jurisdicción como elemento de entrada: Escuela Nacional de Agricultura, Chapingo (México)
670 ## - FUENTE DE DATOS ENCONTRADOS
- Cita de la fuente: Work cat.: (OSt)177272: Guevara Urbina, Alvaro 51327, Comparación de rendimientos en beneficio, contenido mineral y pruebas de taza, de tres variedades de café cultivadas a libre exposición : coffea arabica L. var. Typica (Cramer) , coffea arabica L. Typica (Cramer) Villalobos y coffea arabica L. var. Bourbon (B. Rodr.) Choussy Caturra. /, 1968
